[Event "GBR-ch107 U18"]
[Site "Milton Keynes"]
[Date "2021.10.02"]
[Round "2.3"]
[White "Ismail, Mohammed Aayan"]
[Black "Sieczkowski, Adam"]
[Result "1-0"]
[WhiteElo "1719"]
[BlackElo "1601"]
[PlyCount "55"]
[EventDate "2021.10.02"]
[EventType "swiss"]
[EventRounds "5"]
[EventCountry "GBR"]
[SourceTitle "BritBase"]
[Source "John Saunders"]
[SourceDate "2021.06.05"]
[SourceVersion "1"]
[SourceVersionDate "2021.06.05"]
[SourceQuality "1"]

1. Nf3 d5 2. e3 Nf6 3. c4 c6 4. Be2 g6 5. b3 Bg7 6. Bb2 O-O 7. O-O Nbd7 8. Nc3
Re8 9. Rc1 b6 10. cxd5 Nxd5 11. Nxd5 cxd5 12. Bxg7 Kxg7 13. Bb5 Bb7 14. Nd4 e5
15. Nc6 Qf6 16. f4 Qd6 17. Nxe5 Nxe5 18. Bxe8 Nd3 19. Bb5 Nxc1 20. Qxc1 Kg8 21.
Qb2 Rc8 22. f5 Qb4 23. fxg6 hxg6 24. Qf6 Rf8 25. Be8 Qd4 26. Bxf7+ Kh7 27.
Qxg6+ Kh8 28. Qh6# 1-0

[Event "GBR-ch107 U18"]
[Site "Milton Keynes"]
[Date "2021.10.02"]
[Round "2.4"]
[White "Cox, Toby"]
[Black "Jackson, Edward"]
[Result "1/2-1/2"]
[WhiteElo "1795"]
[BlackElo "1435"]
[PlyCount "68"]
[EventDate "2021.10.02"]
[EventType "swiss"]
[EventRounds "5"]
[EventCountry "GBR"]
[SourceTitle "BritBase"]
[Source "John Saunders"]
[SourceDate "2021.06.05"]
[SourceVersion "1"]
[SourceVersionDate "2021.06.05"]
[SourceQuality "1"]

1. e4 c6 2. d4 d5 3. exd5 cxd5 4. c4 Nf6 5. Nc3 g6 6. cxd5 Nxd5 7. Bc4 Nb6 8.
Bb3 Bg7 9. Nf3 O-O 10. O-O Nc6 11. d5 Na5 12. Re1 Nxb3 13. Qxb3 e6 14. Bg5 Qc7
15. Nb5 Qc5 16. Be3 Qxd5 17. Nc7 Qxb3 18. axb3 Rb8 19. Rxa7 Nd7 20. Bf4 e5 21.
Nxe5 Nxe5 22. Bxe5 Bxe5 23. Rxe5 Bd7 24. Re7 Bc6 25. b4 Rfd8 26. h3 Kf8 27. Re5
Rd7 28. b5 Rxc7 29. bxc6 Rxc6 30. Rb5 b6 31. Rd5 Rbc8 32. f3 Rc1+ 33. Kh2 R8c6
34. Rb7 R1c5 1/2-1/2

[Event "GBR-ch107 U18"]
[Site "Milton Keynes"]
[Date "2021.10.02"]
[Round "2.5"]
[White "McKay, Jonathan"]
[Black "Kan, Toby"]
[Result "1-0"]
[WhiteElo "1620"]
[BlackElo "1696"]
[PlyCount "63"]
[EventDate "2021.10.02"]
[EventType "swiss"]
[EventRounds "5"]
[EventCountry "GBR"]
[SourceTitle "BritBase"]
[Source "John Saunders"]
[SourceDate "2021.06.05"]
[SourceVersion "1"]
[SourceVersionDate "2021.06.05"]
[SourceQuality "1"]

1. d4 Nf6 2. c4 c5 3. d5 e6 4. Nc3 exd5 5. cxd5 d6 6. e4 g6 7. f4 Bg7 8. Bb5+
Nfd7 9. Nf3 a6 10. Bd3 b5 11. O-O O-O 12. Qe1 Re8 13. Qg3 c4 14. Bc2 Bb7 15.
Bd2 Nc5 16. Rae1 Nbd7 17. Ng5 h6 18. Nf3 Qb6 19. Kh1 Qc7 20. a3 Nf6 21. f5 g5
22. Nxg5 hxg5 23. Bxg5 Qe7 24. Qh4 Ncd7 25. Re3 Ne5 26. Rg3 Ng6 27. fxg6 fxg6
28. Bxf6 Rf8 29. Rxg6 Qf7 30. Qh6 Qxf6 31. Rfxf6 Rxf6 32. Qxg7# 1-0

[Event "GBR-ch107 U18"]
[Site "Milton Keynes"]
[Date "2021.10.02"]
[Round "2.6"]
[White "Barry, Jake"]
[Black "Gamage Ranasinghe, Yuman Ranjula"]
[Result "1-0"]
[WhiteElo "1644"]
[BlackElo "1517"]
[PlyCount "49"]
[EventDate "2021.10.02"]
[EventType "swiss"]
[EventRounds "5"]
[EventCountry "GBR"]
[SourceTitle "BritBase"]
[Source "John Saunders"]
[SourceDate "2021.06.05"]
[SourceVersion "1"]
[SourceVersionDate "2021.06.05"]
[SourceQuality "1"]

1. e4 d6 2. d4 Nf6 3. Nc3 g6 4. f4 Bg7 5. Nf3 O-O 6. Bd3 Nbd7 7. O-O c5 8. e5
Nh5 9. g4 cxd4 10. Ne2 dxe5 11. gxh5 gxh5 12. Rf2 Kh8 13. Ng3 Nf6 14. fxe5 Ng4
15. Rg2 Ne3 16. Bxe3 dxe3 17. Nxh5 Qb6 18. Kh1 Rg8 19. Ng5 Be6 20. Qg4 Raf8 21.
Qe4 Bf5 22. Qxf5 Qh6 23. e6 fxe6 24. Qg4 Bf6 25. Nf7+ 1-0

[Event "GBR-ch107 U18"]
[Site "Milton Keynes"]
[Date "2021.10.02"]
[Round "3.1"]
[White "Ali, Shahvez"]
[Black "Ismail, Mohammed Aayan"]
[Result "0-1"]
[WhiteElo "1773"]
[BlackElo "1719"]
[PlyCount "110"]
[EventDate "2021.10.02"]
[EventType "swiss"]
[EventRounds "5"]
[EventCountry "GBR"]
[SourceTitle "BritBase"]
[Source "John Saunders"]
[SourceDate "2021.06.05"]
[SourceVersion "1"]
[SourceVersionDate "2021.06.05"]
[SourceQuality "1"]

1. c4 Nf6 2. Nc3 e6 3. g3 d5 4. cxd5 exd5 5. d4 Be7 6. Bg2 O-O 7. Nf3 c6 8. O-O
Nbd7 9. b3 Re8 10. e3 Nf8 11. Qc2 Ng6 12. Bb2 Bb4 13. Na4 Ne4 14. Nc5 Bf5 15.
Nxe4 Bxe4 16. Qe2 a5 17. a3 Bd6 18. Nd2 Bxg2 19. Kxg2 Qg5 20. Qd1 h5 21. Nf3
Qf5 22. Qb1 Qg4 23. h3 Qe6 24. Qc2 f5 25. Ng5 Qf6 26. h4 Nf8 27. Qd2 Ne6 28. f4
Nxg5 29. hxg5 Qe6 30. Rae1 g6 31. Kf2 Kf7 32. Rc1 Qe7 33. a4 Qe4 34. Rfe1 Rh8
35. Rh1 Rae8 36. Rcd1 Rb8 37. Rc1 Rhe8 38. Rhe1 Re7 39. Rh1 Rbe8 40. Rce1 b6
41. Bc3 Rc8 42. Rc1 c5 43. Rhe1 c4 44. b4 Rh8 45. bxa5 bxa5 46. Qc2 Qe6 47. Rb1
h4 48. gxh4 Rxh4 49. Kg3 Rg4+ 50. Kf3 Qc8 51. Rh1 Qc7 52. Qd2 Qd7 53. Qc2 Bc7
54. Qh2 Qe6 55. Qc2 Qe4+ 0-1

[Event "GBR-ch107 U18"]
[Site "Milton Keynes"]
[Date "2021.10.02"]
[Round "3.2"]
[White "Jackson, Edward"]
[Black "Badacsonyi, Frankie"]
[Result "1/2-1/2"]
[WhiteElo "1435"]
[BlackElo "1511"]
[PlyCount "55"]
[EventDate "2021.10.02"]
[EventType "swiss"]
[EventRounds "5"]
[EventCountry "GBR"]
[SourceTitle "BritBase"]
[Source "John Saunders"]
[SourceDate "2021.06.05"]
[SourceVersion "1"]
[SourceVersionDate "2021.06.05"]
[SourceQuality "1"]

1. e4 e6 2. d4 d5 3. Nd2 Nc6 4. Ngf3 Nf6 5. e5 Nd7 6. c3 f6 7. exf6 Qxf6 8. Bd3
Bd6 9. Nf1 e5 10. Ne3 Nb6 11. dxe5 Nxe5 12. Nxe5 Qxe5 13. g3 O-O 14. O-O c6 15.
Ng2 Bf5 16. Bf4 Qe7 17. Bxd6 Qxd6 18. Ne3 Bxd3 19. Qxd3 Qf6 20. f4 Na4 21. Ng4
Qd6 22. Qd4 Qc5 23. Qxc5 Nxc5 24. Ne5 Ne4 25. Rfe1 Rfe8 26. Rad1 Re7 27. Ng4
Rae8 28. Re2 1/2-1/2

[Event "GBR-ch107 U18"]
[Site "Milton Keynes"]
[Date "2021.10.02"]
[Round "3.3"]
[White "Kuzhelev, Timur"]
[Black "Borissow, Magnus"]
[Result "1-0"]
[WhiteElo "1874"]
[BlackElo "1433"]
[PlyCount "49"]
[EventDate "2021.10.02"]
[EventType "swiss"]
[EventRounds "5"]
[EventCountry "GBR"]
[SourceTitle "BritBase"]
[Source "John Saunders"]
[SourceDate "2021.06.05"]
[SourceVersion "1"]
[SourceVersionDate "2021.06.05"]
[SourceQuality "1"]

1. e4 c5 2. Nc3 Nc6 3. Bb5 Nd4 4. Bc4 e6 5. Nf3 a6 6. a4 Nc6 7. O-O Nf6 8. d4
d5 9. exd5 exd5 10. Re1+ Be7 11. Bf1 O-O 12. h3 Bf5 13. Be3 cxd4 14. Nxd4 Nxd4
15. Bxd4 Ne4 16. Bd3 Nxc3 17. Bxc3 Bg6 18. Bd4 Rc8 19. c3 Bc5 20. Bxc5 Rxc5 21.
Bxg6 fxg6 22. Re5 Rxf2 23. Qd4 Rxg2+ 24. Kxg2 Qc8 25. Rae1 1-0

[Event "GBR-ch107 U18"]
[Site "Milton Keynes"]
[Date "2021.10.02"]
[Round "3.4"]
[White "Sieczkowski, Adam"]
[Black "Barry, Jake"]
[Result "1-0"]
[WhiteElo "1601"]
[BlackElo "1644"]
[PlyCount "107"]
[EventDate "2021.10.02"]
[EventType "swiss"]
[EventRounds "5"]
[EventCountry "GBR"]
[SourceTitle "BritBase"]
[Source "John Saunders"]
[SourceDate "2021.06.05"]
[SourceVersion "1"]
[SourceVersionDate "2021.06.05"]
[SourceQuality "1"]

1. Nf3 Nf6 2. g3 g6 3. Bg2 Bg7 4. O-O O-O 5. d4 c6 6. c4 d5 7. b3 dxc4 8. bxc4
c5 9. e3 e6 10. Nbd2 Nc6 11. Ba3 Nd7 12. Nb3 Na5 13. Nxc5 Nxc5 14. Bxc5 Re8 15.
Rc1 Qc7 16. Ba3 Nc6 17. Qd2 Bd7 18. Rfd1 Rad8 19. d5 exd5 20. cxd5 f5 21. dxc6
Bxc6 22. Qb4 a5 23. Qc4+ Kh8 24. Rxd8 Rxd8 25. Ng5 Rd7 26. Bxc6 bxc6 27. Ne6
Qe5 28. Nxg7 Kxg7 29. Qxc6 Rd2 30. Qc7+ Qxc7 31. Rxc7+ Kh6 32. Bf8+ Kg5 33. a4
Kg4 34. Kg2 g5 35. Rxh7 f4 36. exf4 gxf4 37. Rh4+ Kg5 38. Rxf4 Kh5 39. h4 Rd5
40. Be7 Rd2 41. Rf5+ Kg6 42. Rxa5 Kh6 43. Bg5+ Kg6 44. Bxd2 Kf6 45. h5 Kg7 46.
h6+ Kh7 47. Ra7+ Kg6 48. h7 Kf5 49. h8=Q Ke4 50. Qh7+ Kd4 51. Rd7+ Kc5 52. Qc2+
Kb6 53. Qc7+ Ka6 54. Rd6# 1-0

[Event "GBR-ch107 U18"]
[Site "Milton Keynes"]
[Date "2021.10.02"]
[Round "3.5"]
[White "Pai, Aditya"]
[Black "McKay, Jonathan"]
[Result "0-1"]
[WhiteElo "1545"]
[BlackElo "1620"]
[PlyCount "130"]
[EventDate "2021.10.02"]
[EventType "swiss"]
[EventRounds "5"]
[EventCountry "GBR"]
[SourceTitle "BritBase"]
[Source "John Saunders"]
[SourceDate "2021.06.05"]
[SourceVersion "1"]
[SourceVersionDate "2021.06.05"]
[SourceQuality "1"]

1. e4 e5 2. Nf3 Nc6 3. Bb5 a6 4. Ba4 Nf6 5. d3 b5 6. Bb3 Be7 7. Bg5 O-O 8. O-O
d6 9. h3 Na5 10. Nbd2 h6 11. Be3 Re8 12. c3 Nxb3 13. Nxb3 c6 14. Rc1 Bf8 15.
Re1 a5 16. Qc2 a4 17. Nbd2 d5 18. Nf1 c5 19. Ng3 Bb7 20. Bd2 c4 21. exd5 Qxd5
22. dxc4 bxc4 23. Rcd1 Qb5 24. Bc1 Bxf3 25. gxf3 Qc6 26. Ne4 a3 27. bxa3 Nxe4
28. Qxe4 Qxe4 29. Rxe4 Rec8 30. Rxe5 Bxa3 31. Bxa3 Rxa3 32. Re3 Rxa2 33. Kg2
Rc2 34. Rde1 Rb8 35. R1e2 Rc1 36. Re8+ Rxe8 37. Rxe8+ Kh7 38. Re3 g5 39. Kg3
Rc2 40. f4 gxf4+ 41. Kxf4 Rxf2+ 42. Ke5 Rd2 43. Ke4 Kg6 44. Rf3 f5+ 45. Kf4 Re2
46. Rg3+ Kf6 47. Rf3 Re4+ 48. Kg3 Kg5 49. Kf2 Rf4 50. Kg2 Rxf3 51. Kxf3 Kf6 52.
Kf4 Ke6 53. h4 Kf6 54. Ke3 Ke5 55. Kf3 f4 56. Kg4 Ke4 57. Kh5 f3 58. Kxh6 f2
59. Kg7 f1=Q 60. h5 Ke5 61. h6 Qf6+ 62. Kh7 Qg5 63. Kh8 Kf6 64. Kh7 Kf7 65. Kh8
Qg8# 0-1

[Event "GBR-ch107 U18"]
[Site "Milton Keynes"]
[Date "2021.10.02"]
[Round "3.6"]
[White "Kan, Toby"]
[Black "Cox, Toby"]
[Result "0-1"]
[WhiteElo "1696"]
[BlackElo "1795"]
[PlyCount "80"]
[EventDate "2021.10.02"]
[EventType "swiss"]
[EventRounds "5"]
[EventCountry "GBR"]
[SourceTitle "BritBase"]
[Source "John Saunders"]
[SourceDate "2021.06.05"]
[SourceVersion "1"]
[SourceVersionDate "2021.06.05"]
[SourceQuality "1"]

1. e4 e6 2. d3 c5 3. Nf3 Nc6 4. g3 Nge7 5. Bg2 g6 6. O-O Bg7 7. Be3 Bxb2 8.
Nbd2 Bxa1 9. Qxa1 Rg8 10. Bxc5 d6 11. Be3 e5 12. d4 f6 13. Rd1 Qc7 14. dxe5
dxe5 15. Nc4 Kf7 16. Nd6+ Kg7 17. Qc1 Rd8 18. Bh6+ Kg8 19. Qa3 Be6 20. Bh3 Qd7
21. Rd3 Bxh3 22. Nf5 Qe6 23. Nd6 Rxd6 24. Rxd6 Qxd6 25. Qxd6 Rd8 26. Qxd8+ Nxd8
27. Be3 Nec6 28. Nd2 Be6 29. Nb3 Bxb3 30. cxb3 Ne6 31. Kf1 Ned4 32. Ke1 Nc2+
33. Kd2 Nxe3 34. Kxe3 Kf7 35. a3 Ke6 36. Kd3 Kd6 37. Kc4 Nd4 38. b4 Nf3 39. h4
h5 40. a4 g5 0-1

[Event "GBR-ch107 U18"]
[Site "Milton Keynes"]
[Date "2021.10.03"]
[Round "4.1"]
[White "Ismail, Mohammed Aayan"]
[Black "Badacsonyi, Frankie"]
[Result "1-0"]
[WhiteElo "1719"]
[BlackElo "1511"]
[PlyCount "129"]
[EventDate "2021.10.02"]
[EventType "swiss"]
[EventRounds "5"]
[EventCountry "GBR"]
[SourceTitle "BritBase"]
[Source "John Saunders"]
[SourceDate "2021.06.05"]
[SourceVersion "1"]
[SourceVersionDate "2021.06.05"]
[SourceQuality "1"]

1. Nf3 Nf6 2. e3 e6 3. c4 b6 4. b3 Bb7 5. Be2 Be7 6. O-O O-O 7. Bb2 c5 8. Nc3
d6 9. d4 Ne4 10. Nxe4 Bxe4 11. Nd2 Bb7 12. Bf3 Qc7 13. Rc1 Nd7 14. Qe2 Rac8 15.
Rfd1 Rfd8 16. Nf1 Nf6 17. Ng3 Qb8 18. d5 e5 19. Nf5 Qc7 20. e4 g6 21. Nxe7+
Qxe7 22. Qe3 Rc7 23. Be2 Ne8 24. f4 f6 25. fxe5 fxe5 26. Rf1 Ng7 27. Rf2 Rf8
28. Rcf1 Rcc8 29. Bc1 Rxf2 30. Rxf2 Rf8 31. Rxf8+ Qxf8 32. Qg5 Bc8 33. Qh4 Ne8
34. Bg5 Qf7 35. Bg4 Bxg4 36. Qxg4 Nf6 37. Qh4 Kg7 38. Qh3 h5 39. Qh4 Qf8 40. h3
Qf7 41. Bd2 Kg8 42. b4 Nd7 43. Qd8+ Kh7 44. Bg5 cxb4 45. Be7 Qf4 46. Bg5 Qf7
47. Qc7 a5 48. Qxd6 a4 49. Qxb4 Nc5 50. Qxb6 Nxe4 51. Qe3 Qf5 52. Be7 Kg7 53.
c5 Kf7 54. Bd8 Ke8 55. Ba5 h4 56. Be1 Nf6 57. d6 Nd5 58. Qe2 Qf4 59. Qb5+ Kf7
60. Qb7+ Ke6 61. Qc8+ Kf7 62. Qd7+ Kf8 63. Qd8+ Kg7 64. Qxh4 Qc1 65. d7 1-0

[Event "GBR-ch107 U18"]
[Site "Milton Keynes"]
[Date "2021.10.03"]
[Round "4.2"]
[White "Jackson, Edward"]
[Black "Kuzhelev, Timur"]
[Result "1-0"]
[WhiteElo "1435"]
[BlackElo "1874"]
[PlyCount "61"]
[EventDate "2021.10.02"]
[EventType "swiss"]
[EventRounds "5"]
[EventCountry "GBR"]
[SourceTitle "BritBase"]
[Source "John Saunders"]
[SourceDate "2021.06.05"]
[SourceVersion "1"]
[SourceVersionDate "2021.06.05"]
[SourceQuality "1"]

1. e4 c5 2. c3 Nf6 3. e5 Nd5 4. d4 cxd4 5. Nf3 e6 6. cxd4 Nc6 7. Bc4 d6 8. Qe2
Be7 9. O-O O-O 10. Nc3 Nxc3 11. bxc3 dxe5 12. dxe5 Qc7 13. Qe4 g6 14. h4 b6 15.
h5 Bb7 16. Qf4 g5 17. Qg3 h6 18. Re1 Nb4 19. Bb3 Bxf3 20. Qxf3 Nd5 21. Bxd5
exd5 22. Qxd5 Qxc3 23. Be3 Rad8 24. Qe4 Qc8 25. f4 Qg4 26. Rac1 Bc5 27. Bxc5
bxc5 28. fxg5 Qxe4 29. Rxe4 hxg5 30. Rxc5 Rfe8 31. Rg4 1-0

[Event "GBR-ch107 U18"]
[Site "Milton Keynes"]
[Date "2021.10.03"]
[Round "4.3"]
[White "McKay, Jonathan"]
[Black "Ali, Shahvez"]
[Result "1/2-1/2"]
[WhiteElo "1620"]
[BlackElo "1773"]
[PlyCount "71"]
[EventDate "2021.10.02"]
[EventType "swiss"]
[EventRounds "5"]
[EventCountry "GBR"]
[SourceTitle "BritBase"]
[Source "John Saunders"]
[SourceDate "2021.06.05"]
[SourceVersion "1"]
[SourceVersionDate "2021.06.05"]
[SourceQuality "1"]

1. e4 e6 2. d4 d5 3. exd5 exd5 4. Nf3 Nf6 5. Bd3 Be7 6. O-O O-O 7. Bg5 Bg4 8.
Nbd2 Nbd7 9. c3 c6 10. Qc2 Re8 11. Ne5 h6 12. Nxg4 Nxg4 13. Bf4 Bg5 14. Bxg5
Qxg5 15. h3 Ngf6 16. Nf3 Qf4 17. Rfe1 Rad8 18. Qb3 Qc7 19. c4 dxc4 20. Bxc4 Nb6
21. Rac1 Rxe1+ 22. Rxe1 Nxc4 23. Qxc4 Nd5 24. Qc5 a6 25. a4 f6 26. b4 Kf7 27.
Rb1 Qd6 28. Qc4 Rd7 29. b5 cxb5 30. axb5 Rc7 31. Qd3 Nc3 32. Re1 Nxb5 33. Nh4
Re7 34. Qg6+ Kf8 35. Rc1 Rc7 36. Re1 1/2-1/2

[Event "GBR-ch107 U18"]
[Site "Milton Keynes"]
[Date "2021.10.03"]
[Round "4.4"]
[White "Gamage Ranasinghe, Yuman Ranjula"]
[Black "Sieczkowski, Adam"]
[Result "0-1"]
[WhiteElo "1517"]
[BlackElo "1601"]
[PlyCount "62"]
[EventDate "2021.10.02"]
[EventType "swiss"]
[EventRounds "5"]
[EventCountry "GBR"]
[SourceTitle "BritBase"]
[Source "John Saunders"]
[SourceDate "2021.06.05"]
[SourceVersion "1"]
[SourceVersionDate "2021.06.05"]
[SourceQuality "1"]

1. d4 Nf6 2. Bf4 g6 3. Nc3 d5 4. e3 Bg7 5. Nf3 O-O 6. Qd2 c5 7. h4 h5 8. Be2
Nc6 9. Ne5 Be6 10. g4 Nxe5 11. Bxe5 Nxg4 12. Bxg7 Kxg7 13. f3 Nf6 14. O-O-O Rc8
15. Rdg1 Qa5 16. f4 cxd4 17. Qxd4 Kh7 18. Kb1 Qc5 19. Qd1 Qxe3 20. Rg5 Kh6 21.
Rf1 Bf5 22. Rf3 Qe6 23. Bd3 Ne4 24. Bxe4 dxe4 25. Re3 Bg4 26. Qd4 f5 27. Qxa7
Qd7 28. Qb6 Rf6 29. Qb4 Qd2 30. Rd3 exd3 31. Qxe7 dxc2+ 0-1

[Event "GBR-ch107 U18"]
[Site "Milton Keynes"]
[Date "2021.10.03"]
[Round "4.5"]
[White "Barry, Jake"]
[Black "Pai, Aditya"]
[Result "0-1"]
[WhiteElo "1644"]
[BlackElo "1545"]
[PlyCount "100"]
[EventDate "2021.10.02"]
[EventType "swiss"]
[EventRounds "5"]
[EventCountry "GBR"]
[SourceTitle "BritBase"]
[Source "John Saunders"]
[SourceDate "2021.06.05"]
[SourceVersion "1"]
[SourceVersionDate "2021.06.05"]
[SourceQuality "1"]

1. e4 e5 2. Nf3 Nc6 3. Bb5 d6 4. d4 Bd7 5. Nc3 a6 6. Bxc6 Bxc6 7. dxe5 Be7 8.
O-O Qd7 9. Be3 Nh6 10. exd6 Bxd6 11. Nd4 O-O-O 12. a4 Be5 13. Nxc6 Qxc6 14. Qf3
Bxc3 15. bxc3 Qxc3 16. Rab1 Qc6 17. a5 Rhe8 18. Rb4 Re7 19. Rfb1 Kd7 20. Bg5 f6
21. Bxh6 gxh6 22. Qh3+ Qe6 23. Rd4+ Kc8 24. Rxd8+ Kxd8 25. Qxh6 Kc8 26. f3 Rd7
27. Qe3 Qc4 28. Qa7 Qd4+ 29. Qxd4 Rxd4 30. Ra1 Kd7 31. Rb1 Kc6 32. Ra1 Kb5 33.
Kf1 Ra4 34. Rxa4 Kxa4 35. f4 Kb4 36. e5 fxe5 37. f5 Kc5 38. g4 Kd6 39. Ke2 b6
40. Kd3 bxa5 41. g5 a4 42. h4 a3 43. Kc3 e4 44. h5 a2 45. Kb2 a1=Q+ 46. Kxa1 e3
47. g6 e2 48. g7 e1=Q+ 49. Ka2 Qg1 50. f6 Ke6 0-1

[Event "GBR-ch107 U18"]
[Site "Milton Keynes"]
[Date "2021.10.03"]
[Round "4.6"]
[White "Borissow, Magnus"]
[Black "Kan, Toby"]
[Result "1/2-1/2"]
[WhiteElo "1433"]
[BlackElo "1696"]
[PlyCount "95"]
[EventDate "2021.10.02"]
[EventType "swiss"]
[EventRounds "5"]
[EventCountry "GBR"]
[SourceTitle "BritBase"]
[Source "John Saunders"]
[SourceDate "2021.06.05"]
[SourceVersion "1"]
[SourceVersionDate "2021.06.05"]
[SourceQuality "1"]

1. e4 c5 2. Nf3 d6 3. d4 cxd4 4. Nxd4 Nf6 5. Nc3 a6 6. f3 e5 7. Nb3 Be7 8. Be3
Be6 9. Be2 h5 10. Qd3 Qd7 11. f4 b5 12. f5 Bc4 13. Qd2 Qc7 14. Bxc4 bxc4 15.
Nd5 Nxd5 16. Qxd5 Qc6 17. Na5 Qxd5 18. exd5 Nd7 19. Nxc4 Rc8 20. b3 Nf6 21.
O-O-O Ng4 22. h3 Rxc4 23. hxg4 Rxg4 24. Rh2 Bg5 25. Bxg5 Rxg5 26. Rf1 Rh6 27.
Rf3 Kd7 28. g3 Rf6 29. Rh4 Rgxf5 30. Rc3 e4 31. Rxe4 Rxd5 32. Ra4 Rc5 33. Rxc5
dxc5 34. Ra5 Rc6 35. Kd2 Kc7 36. Ke3 Kb6 37. Ra4 Kb5 38. Rc4 Re6+ 39. Kf3 g5
40. a4+ Kb6 41. Rc3 f5 42. Rd3 Kc6 43. c4 Rd6 44. Re3 Rf6 45. Re5 Kd6 46. Rd5+
Kc6 47. Re5 h4 48. gxh4 1/2-1/2

[Event "GBR-ch107 U18"]
[Site "Milton Keynes"]
[Date "2021.10.03"]
[Round "5.1"]
[White "Ismail, Mohammed Aayan"]
[Black "Jackson, Edward"]
[Result "1-0"]
[WhiteElo "1719"]
[BlackElo "1435"]
[PlyCount "93"]
[EventDate "2021.10.02"]
[EventType "swiss"]
[EventRounds "5"]
[EventCountry "GBR"]
[SourceTitle "BritBase"]
[Source "John Saunders"]
[SourceDate "2021.06.05"]
[SourceVersion "1"]
[SourceVersionDate "2021.06.05"]
[SourceQuality "1"]

1. Nf3 Nf6 2. e3 d5 3. c4 e6 4. Be2 Be7 5. b3 O-O 6. O-O b6 7. Bb2 Bb7 8. Nc3
c5 9. d4 Nbd7 10. cxd5 Nxd5 11. Nxd5 Bxd5 12. Rc1 Rc8 13. Bc4 Bxc4 14. Rxc4 b5
15. Rc1 c4 16. bxc4 bxc4 17. Qe2 Nb6 18. Rc2 Qd5 19. Rfc1 Rc7 20. Nd2 Rfc8 21.
Nb1 Na4 22. Nc3 Qa5 23. Ba1 Rb8 24. Nxa4 Qxa4 25. d5 Ba3 26. Rf1 Re8 27. Be5
Rcc8 28. Qg4 Bf8 29. Rd2 Qa5 30. Rfd1 exd5 31. Rxd5 Qxa2 32. Ra1 Qb3 33. h4 Rc6
34. Qd7 Rce6 35. Bd4 a6 36. Rxa6 Qd1+ 37. Kh2 Re4 38. g3 Qf1 39. Rf5 R4e7 40.
Qd5 Rb8 41. Ra8 Rxa8 42. Qxa8 Qb1 43. Rc5 Qc2 44. Qxf8+ Kxf8 45. Rc8+ Re8 46.
Bc5+ Kg8 47. Rxe8# 1-0

[Event "GBR-ch107 U18"]
[Site "Milton Keynes"]
[Date "2021.10.03"]
[Round "5.2"]
[White "Sieczkowski, Adam"]
[Black "Ali, Shahvez"]
[Result "1-0"]
[WhiteElo "1601"]
[BlackElo "1773"]
[PlyCount "73"]
[EventDate "2021.10.02"]
[EventType "swiss"]
[EventRounds "5"]
[EventCountry "GBR"]
[SourceTitle "BritBase"]
[Source "John Saunders"]
[SourceDate "2021.06.05"]
[SourceVersion "1"]
[SourceVersionDate "2021.06.05"]
[SourceQuality "1"]

1. Nf3 d5 2. g3 Nf6 3. Bg2 e6 4. O-O Be7 5. d4 O-O 6. c4 Nbd7 7. b3 b6 8. Bb2
Bb7 9. Nbd2 Rc8 10. Rc1 c5 11. cxd5 Nxd5 12. Nc4 Nb4 13. a3 Nc6 14. dxc5 Nxc5
15. Qc2 Bf6 16. Rfd1 Qe7 17. Nd6 Rc7 18. Bxf6 Qxf6 19. b4 Na6 20. Nxb7 Nd8 21.
Qa4 Rxc1 22. Rxc1 Nxb7 23. Qxa6 Nd6 24. Qxa7 Qb2 25. Rc6 Nb5 26. Qa6 Nxa3 27.
Rxb6 h6 28. Rc6 Qxb4 29. Rc8 Nb5 30. Rxf8+ Kxf8 31. Qc8+ Ke7 32. Qb7+ Kf6 33.
h3 Qc4 34. e3 Nc3 35. Qb2 Ke7 36. Ne5 Qc5 37. Qb7+ 1-0

[Event "GBR-ch107 U18"]
[Site "Milton Keynes"]
[Date "2021.10.03"]
[Round "5.3"]
[White "Badacsonyi, Frankie"]
[Black "McKay, Jonathan"]
[Result "1-0"]
[WhiteElo "1511"]
[BlackElo "1620"]
[PlyCount "77"]
[EventDate "2021.10.02"]
[EventType "swiss"]
[EventRounds "5"]
[EventCountry "GBR"]
[SourceTitle "BritBase"]
[Source "John Saunders"]
[SourceDate "2021.06.05"]
[SourceVersion "1"]
[SourceVersionDate "2021.06.05"]
[SourceQuality "1"]

1. d4 d5 2. Nc3 Nf6 3. Bg5 c6 4. e3 Qb6 5. Rb1 Bf5 6. Bd3 Bg6 7. Nge2 Nbd7 8.
O-O e6 9. b4 Bd6 10. Bf4 Qc7 11. Bxd6 Qxd6 12. a4 e5 13. dxe5 Nxe5 14. Nd4 Nxd3
15. cxd3 O-O 16. Nf3 Ng4 17. h3 Ne5 18. Nxe5 Qxe5 19. d4 Qg5 20. Rb2 f5 21. f4
Qe7 22. Qd2 Rf6 23. Na2 Re6 24. Re1 a5 25. bxa5 Qa3 26. Rxb7 Qxa4 27. Nc1 Qxa5
28. Qxa5 Rxa5 29. Nd3 Re8 30. Rc7 Ra6 31. Ne5 Re6 32. Rb1 Re8 33. Rbb7 Ra1+ 34.
Kf2 Rea8 35. Rxg7+ Kf8 36. Rge7 R8a2+ 37. Kg3 Ra6 38. Rec7 Ra8 39. Nxc6 1-0

[Event "GBR-ch107 U18"]
[Site "Milton Keynes"]
[Date "2021.10.03"]
[Round "5.4"]
[White "Cox, Toby"]
[Black "Kuzhelev, Timur"]
[Result "0-1"]
[WhiteElo "1795"]
[BlackElo "1874"]
[PlyCount "116"]
[EventDate "2021.10.02"]
[EventType "swiss"]
[EventRounds "5"]
[EventCountry "GBR"]
[SourceTitle "BritBase"]
[Source "John Saunders"]
[SourceDate "2021.06.05"]
[SourceVersion "1"]
[SourceVersionDate "2021.06.05"]
[SourceQuality "1"]

1. e4 c5 2. d4 cxd4 3. c3 Nf6 4. e5 Nd5 5. Nf3 Nc6 6. Bc4 e6 7. O-O d6 8. exd6
Nb6 9. Bb3 Bxd6 10. cxd4 O-O 11. Nc3 a6 12. Re1 Bd7 13. a3 Qc7 14. Qd3 Ne7 15.
Bc2 Ng6 16. h4 f5 17. Bb3 Rae8 18. Ng5 Rf6 19. d5 e5 20. h5 Nf8 21. Be3 h6 22.
Ne6 Nxe6 23. dxe6 Bxe6 24. Bxe6+ Rfxe6 25. Qxf5 Nc4 26. b4 Nxe3 27. Rxe3 Rf6
28. Qe4 Qf7 29. f3 Bb8 30. Nd5 Rd6 31. Rd3 Ba7+ 32. Kf1 Bd4 33. Ne3 Qxh5 34.
Rad1 Rf6 35. Ke2 Qg6 36. Qxg6 Rxg6 37. g4 Bxe3 38. Kxe3 Rf6 39. Rd7 Ref8 40.
Rxb7 Rxf3+ 41. Ke4 R8f4+ 42. Kxe5 Rxg4 43. a4 Ra3 44. b5 axb5 45. axb5 Rb3 46.
Kd6 h5 47. Rb8+ Kh7 48. b6 h4 49. b7 h3 50. Rh1 Rgb4 51. Kc6 Rc4+ 52. Kd5 Rcb4
53. Kc6 g5 54. Ra8 Rb6+ 55. Kd5 Rxb7 56. Ra4 Kg6 57. Ra6+ Kh5 58. Ke4 Re7+ 0-1

[Event "GBR-ch107 U18"]
[Site "Milton Keynes"]
[Date "2021.10.03"]
[Round "5.5"]
[White "Pai, Aditya"]
[Black "Borissow, Magnus"]
[Result "1-0"]
[WhiteElo "1545"]
[BlackElo "1433"]
[PlyCount "49"]
[EventDate "2021.10.02"]
[EventType "swiss"]
[EventRounds "5"]
[EventCountry "GBR"]
[SourceTitle "BritBase"]
[Source "John Saunders"]
[SourceDate "2021.06.05"]
[SourceVersion "1"]
[SourceVersionDate "2021.06.05"]
[SourceQuality "1"]

1. d4 Nf6 2. c4 e6 3. Bg5 Bb4+ 4. Nc3 Bxc3+ 5. bxc3 c5 6. Nf3 Qa5 7. Bd2 Nc6 8.
e3 Qc7 9. Bd3 d5 10. Qc2 O-O 11. O-O Re8 12. cxd5 exd5 13. c4 Bg4 14. cxd5 Bxf3
15. gxf3 Nxd5 16. Bxh7+ Kh8 17. Be4 Qd8 18. Qxc5 Qg5+ 19. Kh1 Rad8 20. Rg1 Qh5
21. Rg3 Re6 22. Rag1 Rh6 23. R1g2 b6 24. Qc4 Nf6 25. Qxc6 1-0